| 000 | 00483nam a22001817a 4500 | ||
|---|---|---|---|
| 001 | T027600008247 | ||
| 008 | 181111b xve|||||r|||| 00| | esp d | ||
| 099 |
_aIVP-D-04782 _b |
||
| 100 | _aMINISTERIO DE PLANIFICACIÓN Y DESARROLLO | ||
| 245 | _aMunicipios del Estado Zulia. 2002. | ||
| 260 | _a | ||
| 500 | _a | ||
| 650 | _aAdministración Pública--Organización | ||
| 650 | _aAdministración Pública--Guías. | ||
| 650 | _aCosta Rica | ||
| 650 | _aEspañol | ||
| 942 | _cLIB | ||
| 999 |
_c9374 _d9374 |
||